Detalles MARC
| 000 -LIDER |
| fixed length control field |
01052nam a2200361 4500 |
| 001 - NÚMERO DE CONTROL |
| Identificador de número de control |
282688 |
| 003 - IDENTIFICACDOR DE NÚMERO DE CONTROL |
| control field |
DO-SdBNP |
| 005 - DATE AND TIME OF LATEST TRANSACTION |
| control field |
20180222154011.0 |
| 007 - CAMPOS FIJOS DE DESCRIPCIÓN FÍSICA |
| fixed length control field |
282688 |
| 008 - ELEMENTOS DE LONGITUD FIJA |
| fixed length control field |
110328s1994 sp d spa |
| 015 ## - NÚMERO DENTRO DE LA BIBLIOGRAFÍA NACIONAL |
| National bibliography number |
|
| 017 ## - NÚMERO DE REGISTRO DE DERECHOS DE AUTOR |
| Copyright or legal deposit number |
|
| Assigning agency |
|
| 035 ## - NÚMERO LOCAL |
| System control number |
|
| 040 ## - FUENTE DE CATALOGACIÓN |
| Agencia que crea de manera original el registro |
BPMSU |
| Idioma de catalogación |
spa |
| Agencia que realiza la transcripción |
BPMSU |
| Convenciones de la despripción |
|
| 041 0# - CÓDIGOS DE OBRAS TRADUCIDAS O EN VARIOS IDIOMAS |
| Código del idioma del texto hablado |
spa |
| -- |
|
| 084 ## - OTRO NÚMERO DE CLASIFICACIÓN |
| Classification number |
|
| Number source |
|
| 100 1# - ASIENTO PRINCIPAL -- NOMBRE PERSONAL |
| Nombre personal |
Dahl, Roald, |
| Fechas asociadas con el nombre |
1916-1990. |
| 245 10 - MENCIÓN DE TITULO |
| Título |
Matilda / |
| Mención de responsabilidad |
Roald Dahl ; traducción de Pedro Barbadillo ; ilustraciones de Quentin Blake. |
| 260 ## - PUBLICACIÓN, DISTRIBUCIÓN, ETC. (PIE DE IMPRENTA) |
| Lugar de publicación, distribución, etc |
Madrid : |
| Nombre del editor, distribuidor, etc. |
Alfaguara, |
| Fecha de publicación, distribución, etc |
1994 |
| 300 ## - DESCRIPCIÓN FÍSICA |
| Extensión |
230 p.: |
| Dimensiones |
24 cm. |
| Otros detalles físicos |
|
| Material complementario |
|
| 336 ## - CONTENT TYPE |
| Content type term |
Música (interpretada) |
| Source |
isbdcontent |
| 337 ## - MEDIA TYPE |
| Media type term |
audio |
| Source |
isbdmedia |
| 490 ## - MENCIÓN DE SERIES |
| Mención de serie |
Ingantil . Juvenil |
| 500 ## - NOTA GENERAL |
| Nota general |
Incluye datos biográficos del autor en la solapa |
| 511 1# - PARTICIPANT OR PERFORMER NOTE |
| Participant or performer note |
|
| 650 #7 - ENCABEZAMIENTO DE MATERIA--TEMÁTICO |
| Término temático o nombre geográfico como elemento de entrada |
Música pop |
| Fuente del encabezamiento o término |
embne |
| 700 ## - ASIENTO SECUNDARIO -- NOMBRE PERSONAL |
| Nombre personal |
Barbadillo Gómez, Pedro |
| Mención de responsabilidad |
tr. |
| 700 ## - ASIENTO SECUNDARIO -- NOMBRE PERSONAL |
| Nombre personal |
Blake, Quentin, |
| Fechas asociadas con el nombre |
1932- |
| Mención de responsabilidad |
il. |
| 830 ## - ASIENTO SECUNDARIO DE SERIE--TÍTULO UNIFORME |
| Nombre de la parte o sección de una obra |
Ingantil . Juvenil |
| 942 ## - ADDED ENTRY ELEMENTS (KOHA) |
| Source of classification or shelving scheme |
Dewey Decimal Classification |
| Koha item type |
Libros |
| 945 ## - INFORMACIÓN DE PROCESAMIENTO LOCAL |
| Información de procesamiento local |
Inventariado, 2018 / BT |
| 956 ## - LOCAL ELECTRONIC LOCATION AND ACCESS (OCLC) |
| Nombre de host |
VMATEO |
| Método de acceso |
10 |
| Materiales especificados |
20160328 |
| Enlace |
BPMSU |
| Campo enlazado y núm. de secuencia |
0069 |